Statistics for Countries Closest to Austria - One Minute Sprint

Click here to take the quiz!

General Stats

  • This quiz has been taken 59 times
  • The average score is 16 of 20

Answer Stats

kmcountrymiles% Correct
0Germany0
100%
0Italy0
96%
149France93
94%
0Switzerland0
94%
0Liechtenstein0
89%
158Poland98
89%
0Slovakia0
89%
0Slovenia0
87%
0Czechia0
85%
0Hungary0
85%
24Croatia15
83%
161Bosnia and
Herzegovina
100
79%
291San Marino181
74%
357Belgium222
72%
321Luxembourg200
72%
218Serbia135
66%
405Monaco251
53%
415Montenegro258
51%
304Romania189
49%
372Ukraine231
47%

Score Distribution

Percentile by Number Answered

Percent of People with Each Score

Your Score History

You have not taken this quiz